<?xml version="1.0" encoding="UTF-8"?>
<collection xmlns="http://www.loc.gov/MARC21/slim">
 <record>
  <leader>00336pamaa2200133   4500</leader>
  <controlfield tag="001">0000015813</controlfield>
  <controlfield tag="005">20070313090000.0</controlfield>
  <datafield tag="020" ind1="0" ind2="0">
   <subfield code="a">0136307167 </subfield>
  </datafield>
  <datafield tag="090" ind1="0" ind2="0">
   <subfield code="a">GC16 </subfield>
   <subfield code="b">GRO 1993</subfield>
  </datafield>
  <datafield tag="100" ind1="1" ind2="0">
   <subfield code="a">GROSS </subfield>
  </datafield>
  <datafield tag="245" ind1="1" ind2="0">
   <subfield code="a">Oceanography : </subfield>
   <subfield code="b">a view of earth  </subfield>
   <subfield code="c">M. Grant Gross.</subfield>
  </datafield>
  <datafield tag="250" ind1="0" ind2="0">
   <subfield code="a">6th ed.</subfield>
  </datafield>
  <datafield tag="300" ind1=" " ind2=" ">
   <subfield code="a">New Jersey: </subfield>
   <subfield code="b">Prentice Hall; </subfield>
   <subfield code="c">1993.</subfield>
  </datafield>
  <datafield tag="650" ind1="0" ind2="0">
   <subfield code="a">Oceanography </subfield>
  </datafield>
 </record>
</collection>
